| 000 | 00840nam a22001937a 4500 | ||
|---|---|---|---|
| 008 | 090712t xxu||||| |||| 00| 0 eng d | ||
| 082 |
_222 _a671.25 _bش وش |
||
| 245 |
_a/تكنولوجيا تشكيل المعادن _cسمير شوشان |
||
| 260 |
_aالاسكندرية: _bسمير شوشان، _c2003 |
||
| 300 | 1 |
_a152 ص : _bايض؛ _c23 سم |
|
| 504 | _aيتضمن إرجاعات ببليوجرافية : ص. 150-152 | ||
| 650 |
_97988 _aسبك المعادن |
||
| 650 |
_97990 _aالسبائك |
||
| 650 |
_97989 _aاشغال المعادن |
||
| 650 |
_97991 _aالصهر |
||
| 650 |
_97992 _aالمسابك |
||
| 942 |
_2ddc _cBB |
||
| 999 |
_c12340 _d12340 |
||